| Tag |
First Indicator |
Second Indicator |
Subfields |
| LEADER |
00000cam a2200000Ia 4500 |
| 001 |
in00002786474 |
| 005 |
20210728125013.0 |
| 006 |
m o d |
| 007 |
cr cnu---unuuu |
| 008 |
071016s2007 njua ob 001 0 eng d |
| 019 |
|
|
|a 647806877
|a 775438792
|
| 020 |
|
|
|a 0470085908 (electronic bk.)
|
| 020 |
|
|
|a 1118269985 (electronic bk.)
|
| 020 |
|
|
|a 9780470085905 (electronic bk.)
|
| 020 |
|
|
|a 9781118269985 (electronic bk.)
|
| 020 |
|
|
|z 0471709476 (cloth : alk. paper)
|
| 020 |
|
|
|z 9780471709473 (cloth : alk. paper)
|
| 035 |
|
|
|a (OCoLC)174302063
|z (OCoLC)647806877
|z (OCoLC)775438792
|
| 035 |
|
|
|a (OCoLC)ocn174302063
|
| 035 |
|
|
|a 4040648
|
| 037 |
|
|
|a 10.1002/9781118269985
|b Wiley InterScience
|n http://www3.interscience.wiley.com
|
| 040 |
|
|
|a N$T
|b eng
|c N$T
|d YDXCP
|d OCLCQ
|d EBLCP
|d IDEBK
|d E7B
|d NRU
|d OCLCQ
|d DG1
|d OCLCQ
|d TXA
|d UtOrBLW
|
| 049 |
|
|
|a TXAM
|
| 050 |
|
4 |
|a RC489.E98
|b H36 2007eb
|
| 060 |
|
4 |
|a 2007 C-765
|
| 060 |
|
4 |
|a WM 430.5.F2
|b H23548 2007
|
| 072 |
|
7 |
|a PSY
|x 041000
|2 bisacsh
|
| 082 |
0 |
4 |
|a 616.89/156
|2 22
|
| 245 |
0 |
0 |
|a Handbook of EMDR and family therapy processes /
|c edited by Francine Shapiro, Florence W. Kaslow, Louise Maxfield.
|
| 246 |
3 |
|
|a Handbook of eye movement desensitization and reprocessing and family therapy processes
|
| 264 |
|
1 |
|a Hoboken, N.J. :
|b John Wiley & Sons,
|c [2007]
|
| 264 |
|
4 |
|c ©2007
|
| 300 |
|
|
|a 1 online resource (xxxiii, 470 pages) :
|b illustrations
|
| 336 |
|
|
|a text
|b txt
|2 rdacontent
|
| 337 |
|
|
|a computer
|b c
|2 rdamedia
|
| 338 |
|
|
|a online resource
|b cr
|2 rdacarrier
|
| 500 |
|
|
|a Electronic resource.
|
| 504 |
|
|
|a Includes bibliographical references and indexes.
|
| 505 |
0 |
|
|a EMDR and case conceptualization from an adaptive information processing perspective / Francine Shapiro -- Family systems theories and therapeutic applications : a contextual overview / Florence W. Kaslow -- Use of the genogram with families for assessment and treatment / Sylvia Shellenberger -- EMDR treatment of family abuse : eye movement to "I" movement / Marcelle Manon -- Treating attachment issues through EMDR and a family systems approach / Debra Wesselmann -- Repairing maternal-infant bonding failures / Antonio Madrid -- Enhancing attachments : conjoint couple therapy / Mark D. Moses -- Integrating EMDR and Bowen theory in treating chronic relationship dysfunction / Nancy Knudsen -- Integrating EMDR and imago relationship therapy in couple treatment / Beverly S. Talan -- EMDR and emotionally focused couple therapy for war veteran couples / Nancy Errebo & Rita Sommers-Flanagan -- Sexual trauma in dysfunctional marriages : integrating structural therapy and EMDR / Wilhelmina S. Koedam -- EMDR and family therapy in the treatment of domestic violence / Julie Stowasser -- Complex separation, individuation processes, and anxiety disorders in young adulthood / Laura Rocchietta Tofani -- Children of divorce / Frances (Frankie) R. Klaff -- The child as identified patient: integrating contextual therapy and EMDR / Barry Litt -- Integrating EMDR and family therapy : treating the traumatized child / Anita Bardin, Joel Comet, and Deborah Porten -- Integrative treatment of intrafamilial child sexual abuse / Louise Maxfield -- Medical family therapy / Margaret (Peggy) V. Moore -- Disaster response: EMDR and family systems therapy under communitywide stress / Robert A. Gelbach & Katherine E.B. Davis -- The integration of EMDR and family systems therapies / Louise Maxfield, Florence W. Kaslow, and Francine Shapiro.
|
| 520 |
|
|
|a Starting with the Foreword by Daniel Siegel, MD, the Handbook demonstrates in superb detail how you can combine EMDR's information processing approach with family systems perspectives and therapy techniques. An impressive and needed piece of work, Handbook of EMDR and Family Therapy Processes provides a clear and comprehensive bridge between individual and family therapies.
|
| 588 |
|
|
|a Description based on print version record.
|
| 650 |
1 |
2 |
|a Desensitization, Psychologic
|x methods.
|0 https://id.nlm.nih.gov/mesh/D003887Q000379
|
| 650 |
1 |
2 |
|a Family Therapy
|x methods.
|0 https://id.nlm.nih.gov/mesh/D005196Q000379
|
| 650 |
2 |
2 |
|a Eye Movements.
|0 https://id.nlm.nih.gov/mesh/D005133
|
| 650 |
1 |
7 |
|a EMDR.
|2 gtt
|
| 650 |
1 |
7 |
|a Gezinstherapie.
|2 gtt
|
| 650 |
|
0 |
|a Eye movement desensitization and reprocessing.
|0 http://id.loc.gov/authorities/subjects/sh94008550
|
| 650 |
|
0 |
|a Family psychotherapy.
|0 http://id.loc.gov/authorities/subjects/sh85047061
|
| 650 |
|
7 |
|a PSYCHOLOGY
|x Psychotherapy
|x Couples & Family.
|2 bisacsh
|
| 655 |
|
7 |
|a Electronic books.
|2 local
|
| 700 |
1 |
|
|a Kaslow, Florence Whiteman.
|0 http://id.loc.gov/authorities/names/n81146995
|
| 700 |
1 |
|
|a Maxfield, Louise.
|0 http://id.loc.gov/authorities/names/n2006181860
|
| 700 |
1 |
|
|a Shapiro, Francine.
|0 http://id.loc.gov/authorities/names/n94105292
|
| 776 |
0 |
8 |
|i Print version:
|t Handbook of EMDR and family therapy processes.
|d Hoboken, N.J. : John Wiley & Sons, c2007
|z 0471709476
|z 9780471709473
|w (DLC) 2006015620
|w (OCoLC)68980787
|
| 830 |
|
0 |
|a Wiley Online Library.
|
| 856 |
4 |
0 |
|u http://proxy.library.tamu.edu/login?url=https://dx.doi.org/10.1002/9781118269985
|z Connect to the full text of this electronic book
|t 0
|
| 948 |
|
|
|a cataloged
|b h
|c 2012/12/19
|d c
|e jlanham
|f 12:30:19 pm
|
| 994 |
|
|
|a C0
|b TXA
|
| 999 |
|
|
|a MARS
|
| 999 |
f |
f |
|s a113dfd3-2068-3ae4-b595-e633fb2cfaa1
|i e27c9467-16e0-3938-8898-d8eaab657978
|t 0
|
| 952 |
f |
f |
|a Texas A&M University
|b College Station
|c Electronic Resources
|d Available Online
|t 0
|e RC489.E98 H36 2007eb
|h Library of Congress classification
|
| 998 |
f |
f |
|a RC489.E98 H36 2007eb
|t 0
|l Available Online
|